[Event "Madrid-ch Previa-A"]
[Site "Madrid"]
[Date "2009.11.10"]
[Round "4"]
[White "Lopez Rodriguez, Eduardo"]
[Black "Lopez Heras, Arturo"]
[Result "0-1"]
[WhiteElo "1877"]
[BlackElo "1979"]
[PlyCount "124"]
[EventDate "2009.11.02"]
[EventType "swiss"]
[EventRounds "9"]
[EventCountry "ESP"]
[SourceTitle "EXT 2010"]
[Source "ChessBase"]
[SourceDate "2010.11.25"]
[SourceVersion "1"]
[SourceVersionDate "2010.11.25"]
[SourceQuality "1"]

1. e4 e5 2. Nf3 Nc6 3. Bc4 Nf6 4. d3 Bc5 5. c3 d6 6. b4 Bb6 7. a4 a6 8. Be3 Bxe3 9. fxe3 0-0 10. 0-0 Bg4 11. Qe1 d5 12. exd5 Nxd5 13. e4 Nf4 14. Qe3 Kh8 15. d4 f6 16. Nbd2 Qe8 17. d5 Ne7 18. a5 Qg6 19. g3 Nh3+ 20. Kh1 Ng5 21. Nxg5 fxg5 22. Rf2 Rf6 23. Rxf6 Qxf6 24. Rf1 Qg6 25. Qf2 h5 26. Qf7 Qd6 27. h3 Bxh3 28. Qxh5+ Qh6 29. Qxh6+ gxh6 30. Rf7 Re8 31. Nf3 Bg4 32. Nxe5 Bh5 33. Rf2 Nxd5 34. Bxd5 Rxe5 35. Bxb7 Be8 36. Rf6 Bb5 37. Rxh6+ Kg7 38. Rxa6 Bxa6 39. Bxa6 Rxe4 40. Bb7 Re1+ 41. Kg2 Ra1 42. a6 Kf6 43. Kf3 Ra3 44. Ke4 Ke6 45. Kd4 Kd6 46. g4 Ra1 47. Kc4 c6 48. Kd4 Ra3 49. Ke4 Kc7 50. Kf5 Kb6 51. Kxg5 Rxc3 52. Kg6 Rc4 53. g5 Rxb4 54. Kg7 Rg4 55. g6 c5 56. Kf7 c4 57. g7 c3 58. g8Q Rxg8 59. Be4 Rg4 60. Bc2 Kxa6 61. Ke6 Rd4 62. Ke5 Rd2 0-1

[Event "Madrid-ch Previa-A"]
[Site "Madrid"]
[Date "2009.11.03"]
[Round "2"]
[White "Lopez Rodriguez, Eduardo"]
[Black "Iagar, Razvan Gabriel"]
[Result "0-1"]
[WhiteElo "1877"]
[BlackElo "2141"]
[PlyCount "108"]
[EventDate "2009.11.02"]
[EventType "swiss"]
[EventRounds "9"]
[EventCountry "ESP"]
[SourceTitle "EXT 2010"]
[Source "ChessBase"]
[SourceDate "2010.11.25"]
[SourceVersion "1"]
[SourceVersionDate "2010.11.25"]
[SourceQuality "1"]

1. e4 e6 2. d4 d5 3. exd5 exd5 4. Nf3 Nc6 5. Bd3 Bd6 6. 0-0 Nge7 7. Re1 Bg4 8. c3 Qd7 9. Be3 Bf5 10. Qc2 Bxd3 11. Qxd3 f6 12. Nbd2 0-0 13. Nf1 Qf5 14. Qd2 Rfe8 15. Ng3 Qd7 16. Bf4 Bxf4 17. Qxf4 Ng6 18. Qd2 Na5 19. b3 Rad8 20. Rxe8+ Rxe8 21. Re1 Re6 22. Rxe6 Qxe6 23. Qe2 Qxe2 24. Nxe2 Kf7 25. h4 c6 26. h5 Nf8 27. Nf4 Ne6 28. Nxe6 Kxe6 29. g4 b6 30. Nh4 Nb7 31. Ng2 Nd6 32. Nf4+ Kf7 33. f3 f5 34. g5 h6 35. g6+ Kf6 36. Kf2 Nb5 37. c4 dxc4 38. bxc4 Nxd4 39. Kg3 Nc2 40. Nh3 Ne3 41. c5 bxc5 42. f4 Nd5 43. Kf3 c4 44. Ke2 Ke7 45. Kd2 Nf6 46. Kc3 Nxh5 47. Kxc4 Kd6 48. a4 a5 49. Kd4 c5+ 50. Kc4 Kc6 51. Kd3 Kd5 52. Ke3 Nf6 53. Nf2 Ng4+ 54. Nxg4 fxg4 0-1

[Event "Madrid-ch Previa-B"]
[Site "Madrid"]
[Date "2008.11.22"]
[Round "7"]
[White "Lopez Rodriguez, Eduardo"]
[Black "Garcia Serrano, Jose Manuel1111"]
[Result "0-1"]
[WhiteElo "1897"]
[BlackElo "1871"]
[PlyCount "154"]
[EventDate "2008.11.06"]
[EventType "swiss"]
[EventRounds "9"]
[EventCountry "ESP"]
[SourceTitle "CBM 127 Extra"]
[Source "ChessBase"]
[SourceDate "2009.01.08"]
[SourceVersion "2"]
[SourceVersionDate "2009.01.28"]
[SourceQuality "1"]

1. e4 e5 2. Nf3 Nc6 3. Bc4 Nf6 4. 0-0 Bc5 5. d3 h6 6. c3 d6 7. b4 Bb6 8. a4 a5 9. b5 Nb8 10. Be3 Bg4 11. Bxb6 cxb6 12. Nbd2 Qe7 13. Re1 Nbd7 14. Nf1 Nc5 15. Ng3 Rc8 16. h3 Bd7 17. Qd2 g5 18. Qe2 g4 19. hxg4 Bxg4 20. d4 Ne6 21. dxe5 Nf4 22. Qa2 dxe5 23. Nf5 Bxf5 24. exf5 Nd7 25. g3 Nh3+ 26. Kg2 Ng5 27. Nxg5 hxg5 28. Rh1 0-0 29. Qe2 Nf6 30. Rh6 Kg7 31. Rah1 Rh8 32. Rxh8 Rxh8 33. Re1 e4 34. Bd3 Re8 35. Qe3 Nd5 36. Qd4+ Nf6 37. Rxe4 Qc5 38. Rxe8 Qxd4 39. cxd4 Nxe8 40. Kf3 Kf6 41. Ke4 Nc7 42. Bc4 Ne8 43. Bd3 Nc7 44. g4 Ke7 45. Bc4 f6 46. Bd5 Ne8 47. Be6 Kd6 48. f4 Ng7 49. fxg5 fxg5 50. Bc8 Ne8 51. Bxb7 Nf6+ 52. Kf3 Kc7 53. Bc6 Kd6 54. Ke3 Nxg4+ 55. Kf3 Nh6 56. Be4 Ke7 57. d5 Kf6 58. d6 Nf7 59. d7 Ne5+ 60. Kg3 Nxd7 61. Bc2 Ne5 62. Bb1 Nc4 63. Kg4 Ne3+ 64. Kh3 Nxf5 65. Kg4 Ne7 66. Kf3 Nd5 67. Bc2 Ke5 68. Kg4 Ne3+ 69. Kxg5 Nxc2 70. Kg6 Kd4 71. Kf6 Kc4 72. Ke6 Kb4 73. Kd6 Ne3 74. Kc6 Nc4 75. Kd5 Kc3 76. Kc6 Kd4 77. Kb7 Kc5 0-1

[Event "Madrid-ch Previa-B"]
[Site "Madrid"]
[Date "2008.11.15"]
[Round "5"]
[White "Nieto de la Cruz, Julio"]
[Black "Lopez Rodriguez, Eduardo"]
[Result "1-0"]
[WhiteElo "2015"]
[BlackElo "1897"]
[PlyCount "83"]
[EventDate "2008.11.06"]
[EventType "swiss"]
[EventRounds "9"]
[EventCountry "ESP"]
[SourceTitle "CBM 127 Extra"]
[Source "ChessBase"]
[SourceDate "2009.01.08"]
[SourceVersion "2"]
[SourceVersionDate "2009.01.28"]
[SourceQuality "1"]

1. d4 c6 2. c4 d5 3. Nf3 Nf6 4. e3 e6 5. Nc3 Be7 6. Bd3 dxc4 7. Bxc4 0-0 8. 0-0 b6 9. e4 Bb7 10. Bg5 Nbd7 11. e5 Nd5 12. Bxe7 Nxe7 13. Ng5 Nf5 14. Qh5 h6 15. Nxe6 fxe6 16. Bxe6+ Kh8 17. Bxf5 Rxf5 18. Qxf5 Qe7 19. f4 Rf8 20. Qd3 Qb4 21. Qd2 Rd8 22. a3 Qe7 23. Ne4 Nf8 24. Nd6 Ba6 25. Rf3 Ne6 26. Rc1 c5 27. dxc5 bxc5 28. Qd5 Rf8 29. Qe4 Nd4 30. Re3 Ne6 31. g3 Qd8 32. Qd5 Qe7 33. b4 cxb4 34. Qc6 bxa3 35. Qxa6 g5 36. f5 Nd4 37. Qd3 Nxf5 38. Nxf5 Qe6 39. Nd4 Qb6 40. Qxa3 Rd8 41. e6 Qxd4 42. e7 1-0